Le grand quizz - Stade Rennais - Statistiques

Statistiques générales
  • Ce quiz a été pris 69 fois
  • Le résultat moyen est 7 sur 15
Statistiques - réponses
Questions Réponses % Correct
En quelle année le Stade Rennais a-t-il été créé ? 1901
92%
Combien de Coupe de France a remporté le club ? 3
85%
Comment se nomme le stade dans lequel évolue les joueurs ? Roazhon Park
85%
Comment se nommait-il avant 2015 ? Stade de la Route de Lorient
83%
Quel est l'un des sponsors majeurs qui se situ sur la face avant du maillot ? Samsic
63%
Quel est l'adversaire qui participe au mythique derby breton ? FC Nantes
59%
Quel est le dernier buteur (à la 97e minute) du derby breton qui s'est finit sur le score de 3-2 ? Raphinha
54%
Quel est le nom du gardien tchèque ayant passé 2 ans au club, et ayant une carrière exceptionnel par la suite ? Petr Čech
53%
De quelles couleurs sont vêtues les joueurs du SRFC en match ? Rouge et noire
44%
Combien de saisons le club a disputées en professionnel ? 68
15%
Comment se nomme le meilleur buteur du club ? Jean Grumellon
10%
Comment se nomme l'entraîneur le plus capé du club ? Jean Prouff
7%
Comment se nomme le joueur le plus capé du club ? Yves Boutet
7%
Montant de la vente la plus chère du club ? Jérémy Doku
2%
Contre quel adversaire le record d'affluence a-t-il été atteint ? Olympique de Marseille (29 490)
0%
Aucun quiz correspondant
Distribution des résultats
% des personnes avec chaque résultat
Percentile par nombre de réponses
Votre historique - résultats
Vous n’avez pas pris ce quiz